000 00411ntaaa2200169 4500
003 01
005 20251027201828.0
008 0714s1973 ag 01
040 _aAR-BaBN
_bspa
_cAR-BaBN
_eaacr
_dRIC
082 _a244.0000 S678
245 _aEl Padre Clemente
250 _a1 ed.
260 _aNew York :
_bSociedad Americana de Tratados,
_cs.f.
300 _a336 p
650 _anovelas religiosas
942 _cBK
999 _c12997
_d12997